[Event "AUTO-ELITE-31"]
[Site "http://www.queenalice.com/game.php?id=53333"]
[Date "2006.2.16"]
[Round "1"]
[White "El_Star"]
[Black "Arto20"]
[Result "0-1"]
[WhiteElo "1767"]
[BlackElo "2190"]

1. e4 c5 2. Nf3 d6 3. b4 cxb4 4. Bc4 Nf6 5. Qe2 Nc6 6. a3 e6 7. O-O Nxe4 8. Qxe4
d5 9. Bxd5 Qxd5 10. Qxd5 exd5 11. Re1+ Be6 12. c3 bxa3 13. Nxa3 Bxa3 14. Bxa3
Kd7 15. Ng5 b5 16. Bc5 a5 17. d4 Rhe8 18. Nf3 f6 19. h3 Bf5 20. Nd2 b4 21. Rxe8
Rxe8 22. cxb4 axb4 23. Ra2 Re2 24. Rb2 h5 25. Nc4 Re1+ 26. Kh2 dxc4 27. d5 c3
0-1

[Event "AUTO-OPEN-132"]
[Site "http://www.queenalice.com/game.php?id=61066"]
[Date "2006.4.3"]
[Round "2"]
[White "Arto20"]
[Black "Brandon"]
[Result "0-1"]
[WhiteElo "2216"]
[BlackElo "2161"]

1. e4 e5 2. Nf3 Nf6 3. Nxe5 d6 4. Nf3 Nxe4 5. Nc3 Nf6 6. d4 Be7 7. Bd3 O-O 8.
O-O d5 9. Bf4 Nc6 10. Qd2 Nb4 11. Rfe1 Nh5 12. Be3 Nxd3 13. Qxd3 c6 14. a3 Bd6
15. Bg5 Qc7 16. Rad1 Be6 17. Re2 Qd7 18. Na4 Rae8 19. Nc5 Bxc5 20. dxc5 Bf5 21.
Qd2 h6 22. Bh4 Rxe2 23. Qxe2 Re8 24. Qd2 Bg4 25. Qc3 Nf4 26. Kh1 Bxf3 27. Qxf3
Qe6 28. h3 Qe2 29. Qxe2 Rxe2 30. Bg3 Ne6 31. b4 Rxc2 32. Rd3 a5 33. f4 f5 34.
Re3 Kf7 35. Re5 g6 36. h4 h5 37. Kg1 axb4 38. axb4 Rb2 39. Bf2 Nxf4 40. Re3 d4
41. Ra3 Rxb4 42. Be1 Rb5 43. Bd2 Ne6 44. Ra5 Rxc5 45. Ra7 Rb5 46. Kf2 c5 47. Ke2
Rb3 48. Kd1 c4 0-1

[Event "AUTO-OPEN-132"]
[Site "http://www.queenalice.com/game.php?id=61067"]
[Date "2006.4.3"]
[Round "2"]
[White "Brandon"]
[Black "Arto20"]
[Result "1-0"]
[WhiteElo "2175"]
[BlackElo "2202"]

1. e4 c5 2. Nf3 Nc6 3. d4 cxd4 4. Nxd4 Nf6 5. Nc3 e5 6. Ndb5 d6 7. Bg5 a6 8. Na3
b5 9. Nd5 Be7 10. Bxf6 Bxf6 11. c3 Bg5 12. Nc2 O-O 13. a4 bxa4 14. Rxa4 a5 15.
Bc4 Bd7 16. O-O Ne7 17. Ra3 Rb8 18. b3 Nxd5 19. Qxd5 Be6 20. Qxa5 Qxa5 21. Rxa5
Bxc4 22. bxc4 Rb3 23. Ra3 Rbb8 24. Ra6 Rb3 25. Nb4 Rxc3 26. Rc6 f5 27. exf5 Rxf5
28. g3 Rf8 29. Nd5 Rc2 30. f3 Ra8 31. Rf2 Rc1+ 32. Kg2 Ra4 33. h4 Bh6 34. Rb2
Raxc4 35. Rb8+ Kf7 36. Rxd6 R1c2+ 37. Kh3 Rc8 38. Rb7+ Kf8 39. Rdd7 Rf2 40. Ne7
Ra8 41. Nf5 Rf1 42. Kg4 Rc8 43. Kh5 Rg1 44. Nxg7 Bxg7 45. Rxg7 Rc6 46. Rbf7+ Ke8
47. Rxh7 Rd1 48. g4 Rd4 49. Rb7 1-0

[Event "AUTO-MASTER-54"]
[Site "http://www.queenalice.com/game.php?id=83122"]
[Date "2006.7.6"]
[Round "2"]
[White "gbsalvio"]
[Black "Arto20"]
[Result "1-0"]
[WhiteElo "2388"]
[BlackElo "2234"]

1. Nc3 d5 2. e4 d4 3. Nce2 e5 4. Ng3 Be6 5. c3 Nc6 6. Bb5 Ne7 7. Nf3 Qd6 8. Ng5
a6 9. Ba4 Ng6 10. O-O d3 11. Nxe6 Qxe6 12. Nh5 O-O-O 13. b4 Nf4 14. Bb3 Ne2+ 15.
Qxe2 Qxb3 16. Qxd3 Rxd3 17. axb3 g6 18. Nf6 Bg7 19. Nd5 f5 20. f3 Rf8 21. Rf2
Kd7 22. Kf1 Bh6 23. Ra2 Ne7 24. Nxe7 Kxe7 25. b5 Rfd8 26. bxa6 bxa6 27. exf5
gxf5 28. Re2 Ke6 29. Rxa6+ R8d6 30. Rxd6+ Kxd6 31. Ba3+ Ke6 32. Ke1 Kf6 33. Kd1
Bf4 34. Kc2 e4 35. g3 Bh6 36. fxe4 fxe4 37. Bc5 Kf5 38. g4+ Ke5 39. Be3 Bf4 40.
b4 h6 41. b5 Bg5 42. Bxg5 hxg5 43. Re3 Rd8 44. d3 Kd6 45. Rxe4 Rh8 46. c4 Rxh2+
47. Kb3 Rg2 48. Rd4+ Ke5 49. Kc3 Ra2 50. Rd7 Kf4 51. Rxc7 Ra3+ 52. Kc2 Kxg4 53.
b6 Ra2+ 54. Kc3 Ra3+ 55. Kd4 Rb3 56. b7 Kf3 57. c5 1-0

[Event "AUTO-MASTER-54"]
[Site "http://www.queenalice.com/game.php?id=83123"]
[Date "2006.7.6"]
[Round "2"]
[White "Arto20"]
[Black "gbsalvio"]
[Result "0-1"]
[WhiteElo "2227"]
[BlackElo "2404"]

1. d4 Nf6 2. c4 Nc6 3. Nf3 e6 4. a3 a5 5. Nc3 Be7 6. d5 Nb8 7. e4 d6 8. Be2 e5
9. O-O Na6 10. Qc2 O-O 11. Be3 Bd7 12. c5 Ng4 13. cxd6 cxd6 14. Bd2 Rc8 15. h3
Nf6 16. Bxa6 bxa6 17. Qd3 Qb6 18. Rfc1 a4 19. Rab1 Rb8 20. Be3 Qa5 21. Nd2 Rfc8
22. Qe2 g6 23. Qf3 Nh5 24. g4 Ng7 25. Qg3 Ne8 26. f4 Bf6 27. Rf1 Bb5 28. Nxb5
Qxb5 29. g5 Bg7 30. fxe5 Bxe5 31. Qf2 Qd7 32. Nf3 Rb3 33. Nd4 Bxd4 34. Bxd4 Rxh3
35. Qf4 Rc4 36. Rbd1 Qe7 37. Rf2 Nc7 38. Kg2 Rh5 39. Bf6 Qxe4+ 40. Qxe4 Rxe4 41.
Rc2 Ne8 42. Rc8 Rhh4 43. Rf1 Kf8 44. Rfc1 Rhg4+ 45. Kh3 Rgf4 46. R1c6 Re3+ 47.
Kg2 h5 48. Rxd6 h4 49. Rxe8+ Rxe8 50. Rxa6 Re2+ 51. Kh3 Re3+ 52. Kh2 Rf2+ 53.
Kg1 Rc2 54. Ra8+ Re8 55. Bg7+ Ke7 56. Rxa4 Kd6 57. Ra6+ Kxd5 58. Ra5+ Ke4 59.
Ra7 Kf4 60. Rxf7+ Kg3 61. Bc3 h3 62. Rf1 Rg2+ 63. Kh1 Ree2 0-1

[Event "AUTO-ELITE-27"]
[Site "http://www.queenalice.com/game.php?id=100534"]
[Date "2006.8.28"]
[Round "2"]
[White "Arto20"]
[Black "dnptrs"]
[Result "1-0"]
[WhiteElo "2194"]
[BlackElo "1979"]

1. e4 c5 2. Nf3 e6 3. d4 cxd4 4. Nxd4 Nc6 5. Nc3 Nf6 6. Ndb5 d6 7. Bf4 e5 8. Bg5
a6 9. Na3 b5 10. Bxf6 gxf6 11. Nd5 Be6 12. c3 Be7 13. Nc2 f5 14. a4 fxe4 15.
axb5 Nb8 16. bxa6 Nd7 17. Ncb4 Bxd5 18. Qxd5 Nc5 19. Bb5+ Kf8 20. a7 Kg7 21. Bc6
1-0

[Event "AUTO-ELITE-27"]
[Site "http://www.queenalice.com/game.php?id=100535"]
[Date "2006.8.28"]
[Round "2"]
[White "dnptrs"]
[Black "Arto20"]
[Result "0-1"]
[WhiteElo "1972"]
[BlackElo "2200"]

1. d4 d5 2. Nf3 Nf6 3. e3 Bf5 4. c4 c6 5. Nc3 e6 6. Be2 dxc4 7. Bxc4 Nbd7 8. O-O
Bd6 9. Re1 Nb6 10. Be2 O-O 11. a3 Re8 12. Bf1 Nbd5 13. Be2 Nxc3 14. bxc3 Ne4 15.
Qb3 b6 16. Ne5 Bxe5 17. dxe5 Qh4 18. g3 Qh3 19. Rf1 Nc5 20. Qd1 Rad8 21. Bd2 Ne4
0-1

[Event "AUTO-ELITE-27"]
[Site "http://www.queenalice.com/game.php?id=100536"]
[Date "2006.8.28"]
[Round "2"]
[White "Arto20"]
[Black "musampa"]
[Result "1-0"]
[WhiteElo "2200"]
[BlackElo "1950"]

1. e4 e5 2. Nf3 d6 3. d4 Nc6 4. dxe5 Nxe5 5. Nxe5 dxe5 6. Qxd8+ Kxd8 7. Bc4 f6
8. Nc3 Bg4 9. f3 Bh5 10. Be3 a6 11. O-O-O+ Ke8 12. g4 Bg6 13. h4 Bd6 14. Bd5 Rb8
15. Ba7 Ra8 16. Bf2 Rb8 17. Rd3 Ne7 18. h5 Bf7 19. Be3 Nxd5 20. Nxd5 Bxd5 21.
Rxd5 Ke7 22. Rhd1 Rhd8 23. c4 Bb4 24. a3 Rxd5 25. exd5 Ba5 26. b4 Bb6 27. c5 Ba7
28. d6+ cxd6 29. cxd6+ Kd7 30. Bxa7 Rc8+ 31. Kb2 Rc4 32. Bb8 Rf4 33. Rc1 Rxf3
34. Rc7+ Kd8 35. Rxg7 Rf2+ 36. Kc3 b5 37. Bc7+ Kc8 38. Bb6 1-0

[Event "AUTO-ELITE-27"]
[Site "http://www.queenalice.com/game.php?id=100537"]
[Date "2006.8.28"]
[Round "2"]
[White "musampa"]
[Black "Arto20"]
[Result "0-1"]
[WhiteElo "1956"]
[BlackElo "2195"]

1. f4 d5 2. Nf3 Bg4 3. d4 Bxf3 4. exf3 e6 5. Bd3 c5 6. Be3 Qb6 7. dxc5 Bxc5 8.
Bxc5 Qxc5 9. Qe2 Qb4+ 10. c3 Qxf4 11. Nd2 Nf6 12. g3 Qc7 13. O-O-O Nbd7 14. f4
O-O 15. Nb3 a5 16. a3 a4 17. Nd4 Nc5 18. Bb5 Rfc8 19. Rhe1 Qb6 20. Bd3 Nfe4 21.
Bxe4 Nxe4 22. Rd3 Rc4 23. Nc2 Qb3 24. Nb4 Rxb4 25. cxb4 Qa2 26. Qc2 Qa1+ 27. Qb1
Rc8+ 28. Rc3 Rxc3+ 29. bxc3 Qxc3+ 30. Qc2 Qxe1+ 31. Kb2 g6 32. Qxa4 Qc3+ 33. Ka2
Qd2+ 34. Kb3 Qd1+ 0-1

[Event "AUTO-ELITE-31"]
[Site "http://www.queenalice.com/game.php?id=173016"]
[Date "2007.2.23"]
[Round "2"]
[White "shogun"]
[Black "Arto20"]
[Result "1-0"]
[WhiteElo "2445"]
[BlackElo "2228"]

1. e4 c5 2. Nf3 d6 3. d4 cxd4 4. Nxd4 Nf6 5. Nc3 a6 6. Bg5 e6 7. f4 Qb6 8. Nb3
Be7 9. Be2 h6 10. Bxf6 Bxf6 11. Qd3 O-O 12. O-O-O Nc6 13. h4 a5 14. a3 a4 15.
Nd2 d5 16. g4 dxe4 17. Ndxe4 Bd4 18. Qg3 f5 19. gxf5 exf5 20. Bc4+ Kh8 21. Nd6
Ne7 22. Qd3 1-0

[Event "AUTO-ELITE-31"]
[Site "http://www.queenalice.com/game.php?id=173017"]
[Date "2007.2.23"]
[Round "2"]
[White "Arto20"]
[Black "shogun"]
[Result "0-1"]
[WhiteElo "2223"]
[BlackElo "2449"]

1. e4 Nc6 2. Nf3 d5 3. exd5 Qxd5 4. Nc3 Qa5 5. d4 Bg4 6. Bb5 O-O-O 7. Bxc6 bxc6
8. Qd3 c5 9. Be3 cxd4 10. Nxd4 e5 11. Nc6 Rxd3 12. Nxa5 Rd7 13. Nc6 f6 14. Nxa7+
Kb7 15. O-O Ne7 16. f3 Be6 17. Bc5 c6 18. Ne4 f5 19. Nd6+ Ka8 20. Rfe1 Nd5 21.
Nxc6 Bxd6 22. Bxd6 Rxd6 23. Nxe5 Rc8 0-1

[Event "AUTO-ELITE-31"]
[Site "http://www.queenalice.com/game.php?id=173020"]
[Date "2007.2.23"]
[Round "2"]
[White "sergiogvh"]
[Black "Arto20"]
[Result "1-0"]
[WhiteElo "2122"]
[BlackElo "2215"]

1. e4 e6 2. d4 d5 3. Nc3 Bb4 4. e5 Ne7 5. a3 Bxc3+ 6. bxc3 b6 7. Qg4 Ng6 8. Bb5+
c6 9. Bd3 Ba6 10. Bxa6 Nxa6 11. Qe2 b5 12. Nf3 O-O 13. O-O Qa5 14. Bd2 Qa4 15.
Be3 1-0

[Event "AUTO-ELITE-31"]
[Site "http://www.queenalice.com/game.php?id=173021"]
[Date "2007.2.23"]
[Round "2"]
[White "Arto20"]
[Black "sergiogvh"]
[Result "1-0"]
[WhiteElo "2220"]
[BlackElo "2077"]

1. c4 e5 2. Nc3 Nf6 3. Nf3 e4 4. Ng5 b5 5. d3 exd3 6. cxb5 dxe2 7. Bxe2 Be7 8.
Nd5 Bb7 9. Nxe7 Qxe7 10. O-O O-O 11. Re1 h6 12. Bf3 Bxf3 13. Nxf3 Qc5 14. a4 1-0

[Event "AUTO-ELITE-31"]
[Site "http://www.queenalice.com/game.php?id=173022"]
[Date "2007.2.23"]
[Round "2"]
[White "Gambitshark"]
[Black "Arto20"]
[Result "1-0"]
[WhiteElo "2517"]
[BlackElo "2200"]

1. e4 c5 2. Nf3 d6 3. d4 cxd4 4. Nxd4 Nf6 5. Nc3 a6 6. Bg5 e6 7. Qd2 h6 8. Be3
b5 9. a3 Ng4 10. Bd3 Nxe3 11. Qxe3 Bb7 12. O-O Nd7 13. f4 Rc8 14. Rf2 Be7 15. f5
e5 16. Nb3 Bg5 17. Qa7 Qb6 18. Qxb6 Nxb6 19. Re2 O-O 20. a4 Rxc3 21. bxc3 Nxa4
22. c4 Nc3 23. Ree1 bxc4 24. Bxc4 1-0

[Event "AUTO-ELITE-31"]
[Site "http://www.queenalice.com/game.php?id=173023"]
[Date "2007.2.23"]
[Round "2"]
[White "Arto20"]
[Black "Gambitshark"]
[Result "0-1"]
[WhiteElo "2218"]
[BlackElo "2505"]

1. e4 e5 2. Nf3 Nc6 3. Bb5 a6 4. Ba4 Nf6 5. O-O Be7 6. Re1 b5 7. Bb3 d6 8. c3
O-O 9. h3 Bb7 10. d4 Na5 11. Bc2 Nd7 12. Nbd2 exd4 13. cxd4 c5 14. d5 Re8 15.
Nf1 Nc4 16. Ne3 Nxe3 17. Bxe3 Bf6 18. Rb1 h6 19. Qd3 Nf8 20. Bf4 Ng6 21. Bg3 Qd7
22. b3 b4 0-1